Monitor hospodárskej politiky [vedecko popularizačný časopis]

Na minha lista:
Detalhes bibliográficos
Formato: Periódico
Idioma:eslovaco
Publicado em: Bratislava Ekonomická univerzita v Bratislave 2017
Assuntos:
Tags: Adicionar Tag
Sem tags, seja o primeiro a adicionar uma tag!

MARC

LEADER 00000nas2a2200000 4500
001 0282366
005 20220303150523.8
022 |a 2453-9287 
041 0 |a slo 
044 |a SK 
245 1 0 |a Monitor hospodárskej politiky  |b [vedecko popularizačný časopis] 
264 1 |a Bratislava  |b Ekonomická univerzita v Bratislave  |c 2017 
500 |a chýba č. 4 
773 0 |w eu_un_cat*0223562 
610 2 0 |a politika hospodárska 
610 2 0 |a situácia hospodárska 
610 2 0 |a vývoj hospodársky 
610 2 0 |a analýza ekonomická 
610 2 0 |a Slovensko 
610 2 0 |a stredná Európa 
610 2 0 |a východná Európa